Central Library and Information Centre
Sibsagar Girls' College, Sivasagar : Assam

THE MACMILLAN DICTIONARY OF ENGLISH PROVERBS EXPLAINED (Record no. 5812)

MARC details
000 -LEADER
fixed length control field 00464cam a2200181ua 4500
008 - FIXED-LENGTH DATA ELEMENTS--GENERAL INFORMATION
fixed length control field 120723n1995 II |||gr||||Z||||||eng
040 ## - CATALOGING SOURCE
Original cataloging agency MAIN
041 ## - LANGUAGE CODE
-- English
082 ## - DEWEY DECIMAL CLASSIFICATION NUMBER
Classification number 403 RID
100 ## - MAIN ENTRY--PERSONAL NAME
Personal name RIDOUT, RONALD.
245 ## - TITLE STATEMENT
Title THE MACMILLAN DICTIONARY OF ENGLISH PROVERBS EXPLAINED
260 ## - PUBLICATION, DISTRIBUTION, ETC.
Place of publication, distribution, etc. LONDON
Name of publisher, distributor, etc. MCMILAN & CO.
Date of publication, distribution, etc. 1995
300 ## - PHYSICAL DESCRIPTION
Extent 222:
Dimensions 20CM.
700 ## - ADDED ENTRY--PERSONAL NAME
Personal name WITTING, CLIFFORD.
942 ## - ADDED ENTRY ELEMENTS (KOHA)
Koha item type Books
653 ## - INDEX TERM--UNCONTROLLED
Uncontrolled term Dictionaries & encyclopedias
Holdings
Withdrawn status Lost status Damaged status Not for loan Collection code Home library Current library Shelving location Date acquired Full call number Barcode Date last seen Copy number Price effective from Koha item type
          Central Library and Information Centre Sibsagar Girls College Central Library and Information Centre Sibsagar Girls College English Dictionary 19.06.1995 403 RID 13979 27.02.2020 1 27.02.2020 Books


Sibsagar Girl's College © 2020. All rights reserved.
Powered by Koha.
Maintained by Abhijit Borpuzari.